[Event "HUN-chT Region CSB"]
[Site "Hungary"]
[Date "2022.04.09"]
[Round "10.6"]
[White "Nemeth, Balazs"]
[Black "Gyurika, Tamas"]
[Result "0-1"]
[WhiteElo "1906"]
[BlackElo "1866"]
[PlyCount "38"]
[EventDate "2021.11.06"]
[EventType "team-swiss"]
[EventRounds "10"]
[EventCountry "HUN"]
[SourceTitle "EXT 2023"]
[Source "ChessBase"]
[SourceDate "2022.10.05"]
[SourceVersion "1"]
[SourceVersionDate "2022.10.05"]
[SourceQuality "1"]
[WhiteTeam "Gyor Arrabona III"]
[BlackTeam "Sopron MAFC"]
[WhiteTeamCountry "HUN"]
[BlackTeamCountry "HUN"]

1. e4 e5 2. d4 exd4 3. Qxd4 Nc6 4. Qe3 d6 5. Nf3 Nf6 6. Be2 Be6 7. e5 Ng4 8. Qc3 dxe5 9. Nxe5 Bb4 10. Nxg4 Bxc3+ 11. bxc3 Bxg4 12. Bxg4 0-0 13. 0-0 f5 14. Bf3 Ne5 15. Bh5 f4 16. Na3 f3 17. g3 Qd7 18. Bb2 Qh3 19. c4 Qg2# 0-1

[Event "HUN-chT2 Erkel 0708"]
[Site "Hungary"]
[Date "2007.11.11"]
[Round "2"]
[White "Somogyi, Gabor"]
[Black "Nemeth, Balazs"]
[Result "1-0"]
[WhiteElo "1970"]
[BlackElo "1909"]
[PlyCount "81"]
[EventDate "2007.10.14"]
[EventType "team"]
[EventRounds "11"]
[EventCountry "HUN"]
[SourceTitle "EXT 2009"]
[Source "ChessBase"]
[SourceDate "2008.11.26"]
[SourceVersion "1"]
[SourceVersionDate "2008.11.26"]
[SourceQuality "1"]
[WhiteTeam "Dunaharaszti II"]
[BlackTeam "Paszto"]
[WhiteTeamCountry "HUN"]
[BlackTeamCountry "HUN"]

1. e4 c5 2. Nf3 d6 3. d4 cxd4 4. Nxd4 Nf6 5. Nc3 a6 6. Bg5 e6 7. f4 Be7 8. Qf3 Qc7 9. 0-0-0 Nbd7 10. g4 b5 11. Bxf6 Bxf6 12. g5 Be7 13. f5 Ne5 14. Qh5 b4 15. Nce2 exf5 16. Nf4 g6 17. Nd5 Qd8 18. Qe2 Bxg5+ 19. Kb1 Bb7 20. Nf3 Nxf3 21. Qxf3 0-0 22. exf5 a5 23. h4 Bh6 24. h5 Bxd5 25. Rxd5 Bg7 26. hxg6 Qf6 27. Qb3 Rfb8 28. Rxd6 a4 29. Qxf7+ Qxf7 30. gxf7+ Kh8 31. Bd3 Bf8 32. f6 h6 33. Rd4 Ra7 34. Bg6 Ra6 35. Re4 Rxf6 36. Re8 Rfb6 37. Rhe1 Kg7 38. Bh5 Rb5 39. Rg1+ Kf6 40. Rg6+ Kxf7 41. Rxb8 1-0

[Event "HUN-chT2 Erkel 0506"]
[Site "Hungary"]
[Date "2006.01.22"]
[Round "6"]
[White "Nemeth, Balazs"]
[Black "Paksi, Gyula"]
[Result "1/2-1/2"]
[WhiteElo "1902"]
[BlackElo "2043"]
[PlyCount "132"]
[EventDate "2005.10.16"]
[EventType "team"]
[EventRounds "11"]
[EventCountry "HUN"]
[SourceTitle "EXT 2009"]
[Source "ChessBase"]
[SourceDate "2008.11.26"]
[SourceVersion "1"]
[SourceVersionDate "2008.11.26"]
[SourceQuality "1"]
[WhiteTeam "Paszto"]
[BlackTeam "Foti"]
[WhiteTeamCountry "HUN"]
[BlackTeamCountry "HUN"]

1. e4 e6 2. d4 d5 3. exd5 exd5 4. Nc3 c6 5. Nf3 Nf6 6. Be2 Bf5 7. 0-0 Bd6 8. Bd3 Bxd3 9. Qxd3 0-0 10. Bg5 Nbd7 11. Rae1 Qc7 12. h3 Rfe8 13. Bxf6 Nxf6 14. Qf5 Rxe1 15. Rxe1 Re8 16. Ne5 Qb6 17. Rb1 Qxd4 18. Nf3 Qb6 19. Qd3 Bg3 20. Qd4 Qxd4 21. Nxd4 Be5 22. Nf3 Bxc3 23. bxc3 Re7 24. Nd4 g6 25. f3 Ne8 26. a4 Nd6 27. Kf2 Kf8 28. Nb3 Ke8 29. Nd4 Kd8 30. a5 a6 31. g3 Kc7 32. g4 Nc4 33. Nb3 Na3 34. Rb2 Nb5 35. Nc5 Kd6 36. Na4 Na3 37. Nb6 Kc5 38. Na4+ Kd6 39. Nb6 Kc7 40. h4 Re5 41. Na8+ Kb8 42. Nb6 Kc7 43. Na8+ Kc8 44. Nb6+ Kd8 45. Na4 Nb5 46. Rb3 Kc7 47. Nc5 Re7 48. Na4 Nd6 49. Nc5 Kc8 50. Na4 Nc4 51. Nb6+ Nxb6 52. Rxb6 Kc7 53. Rb4 Kd6 54. Rf4 Ke5 55. Rb4 f5 56. g5 Kd6 57. Rd4 c5 58. Rd1 Kc6 59. Rb1 c4 60. Rb2 Kc5 61. Rb6 d4 62. cxd4+ Kxd4 63. Rb2 Kc3 64. Ra2 Kd2 65. Rb2 c3 66. Ra2 Kc1 1/2-1/2

[Event "Eger Agria op"]
[Site "Eger"]
[Date "2005.07.27"]
[Round "4"]
[White "Nemeth, Balazs"]
[Black "Ocnarescu, Victor"]
[Result "0-1"]
[WhiteElo "1902"]
[BlackElo "2118"]
[PlyCount "58"]
[EventDate "2005.07.18"]
[EventType "swiss"]
[EventRounds "9"]
[EventCountry "HUN"]
[SourceTitle "EXT 2008"]
[Source "ChessBase"]
[SourceDate "2007.11.25"]
[SourceVersion "1"]
[SourceVersionDate "2007.11.25"]
[SourceQuality "1"]

1. e4 c5 2. Nf3 d6 3. d4 cxd4 4. Nxd4 Nf6 5. Nc3 g6 6. Be3 Bg7 7. Bc4 Nc6 8. f3 0-0 9. Qd2 Bd7 10. 0-0-0 Qa5 11. Kb1 Rfc8 12. Bb3 Ne5 13. g4 Nc4 14. Bxc4 Rxc4 15. h4 Rac8 16. Nb3 Qa6 17. h5 Bxg4 18. fxg4 Rxc3 19. bxc3 Nxe4 20. Qd3 Nxc3+ 21. Kc1 Qa3+ 22. Kd2 Nxd1 23. Rxd1 Qb4+ 24. Kc1 Qa3+ 25. Kd2 Qb4+ 26. Kc1 Rc3 27. Qe2 Qa3+ 28. Kd2 Qxa2 29. Kc1 Qxb3 0-1

[Event "Fuzesabony op"]
[Site "Fuzesabony"]
[Date "2004.08.29"]
[Round "7"]
[White "Sandor, Tamas"]
[Black "Nemeth, Balazs"]
[Result "1-0"]
[WhiteElo "2046"]
[BlackElo "1921"]
[PlyCount "79"]
[EventDate "2004.08.26"]
[EventType "swiss"]
[EventRounds "7"]
[EventCountry "HUN"]
[SourceTitle "EXT 2008"]
[Source "ChessBase"]
[SourceDate "2007.11.25"]
[SourceVersion "1"]
[SourceVersionDate "2007.11.25"]
[SourceQuality "1"]

1. Nf3 Nf6 2. g3 g6 3. Bg2 Bg7 4. 0-0 0-0 5. c4 d6 6. d4 c5 7. d5 e6 8. Nc3 exd5 9. Nxd5 Nc6 10. Bg5 h6 11. Nxf6+ Bxf6 12. Bxh6 Re8 13. Qd2 Be6 14. Rac1 Qe7 15. Rfd1 Rad8 16. Be3 d5 17. cxd5 Rxd5 18. Qc2 Rxd1+ 19. Rxd1 Bxa2 20. b3 Nb4 21. Qxc5 Qxc5 22. Bxc5 Na6 23. Bxa7 Rxe2 24. Rd2 Rxd2 25. Nxd2 Bc3 26. Be3 b5 27. Bf1 Nc7 28. Ne4 b4 29. Bc4 Ne6 30. Kf1 Kf8 31. Ke2 Nd4+ 32. Bxd4 Bxd4 33. Nd2 Ke7 34. f3 f5 35. g4 Kf6 36. h4 Ke5 37. h5 gxh5 38. gxh5 f4 39. Bd3 Bc3 40. Bc2 1-0

[Event "Gyongyos Matra Cup"]
[Site "Gyongyos"]
[Date "2004.08.03"]
[Round "7"]
[White "Nemeth, Balazs"]
[Black "Jacso, Adam"]
[Result "1/2-1/2"]
[WhiteElo "1921"]
[BlackElo "2027"]
[PlyCount "93"]
[EventDate "2004.07.27"]
[EventType "swiss"]
[EventRounds "9"]
[EventCountry "HUN"]
[SourceTitle "EXT 2008"]
[Source "ChessBase"]
[SourceDate "2007.11.25"]
[SourceVersion "1"]
[SourceVersionDate "2007.11.25"]
[SourceQuality "1"]

1. e4 c5 2. Nf3 Nc6 3. d4 cxd4 4. Nxd4 g6 5. Be3 Bg7 6. Nc3 Nf6 7. Bc4 0-0 8. f3 Qb6 9. Qd2 Nxe4 10. Nxe4 Bxd4 11. Bxd4 Qxd4 12. Qxd4 Nxd4 13. 0-0-0 Nc6 14. h4 h6 15. g4 d6 16. g5 h5 17. Rhe1 Ne5 18. Be2 Be6 19. f4 Ng4 20. Bf3 Rac8 21. Nc3 b6 22. Nd5 Rfe8 23. Bxg4 hxg4 24. b3 Rc5 25. Ne3 Rec8 26. Rd2 Kf8 27. Rg2 Rc3 28. Ree2 d5 29. Nxg4 Bxg4 30. Rxg4 Rh3 31. Kd2 e6 32. Rgg2 Rxh4 33. Rh2 Rxh2 34. Rxh2 Kg7 35. Re2 Rc6 36. Kd3 b5 37. c3 f6 38. Kd4 Kf7 39. Rh2 Kg7 40. Rh3 a6 41. Rf3 Rc7 42. Re3 Rc6 43. Rf3 a5 44. Re3 Kf7 45. Rh3 Kg7 46. Re3 Kf7 47. Rh3 1/2-1/2

[Event "HUN-chT2 Erkel 0304"]
[Site "Hungary"]
[Date "2004.04.04"]
[Round "10"]
[White "Farkas, Jozsef"]
[Black "Nemeth, Balazs"]
[Result "0-1"]
[WhiteElo "2248"]
[BlackElo "1908"]
[PlyCount "114"]
[EventDate "2003.09.28"]
[EventType "team"]
[EventRounds "11"]
[EventCountry "HUN"]
[SourceTitle "EXT 2009"]
[Source "ChessBase"]
[SourceDate "2008.11.26"]
[SourceVersion "1"]
[SourceVersionDate "2008.11.26"]
[SourceQuality "1"]
[WhiteTeam "Godollo"]
[BlackTeam "Hatvan"]
[WhiteTeamCountry "HUN"]
[BlackTeamCountry "HUN"]

1. f4 d5 2. Nf3 Nf6 3. b3 c5 4. e3 e6 5. Bb2 Be7 6. Ne5 Nbd7 7. Be2 b6 8. Nc6 Qc7 9. Nxe7 Kxe7 10. g4 Rg8 11. g5 Ne4 12. d3 Nd6 13. Nd2 Nf5 14. Nf1 Bb7 15. Ng3 Nxe3 16. Qd2 Ng2+ 17. Kd1 Qxf4 18. Nh5 Qxd2+ 19. Kxd2 d4 20. Rhf1 Ne3 21. Rf2 f6 22. Rg1 fxg5 23. Rxg5 g6 24. Nf4 Raf8 25. c3 e5 26. Nh3 Rxf2 27. Nxf2 Rf8 28. cxd4 exd4 29. Nh3 Nf1+ 30. Ke1 Nxh2 31. Bc1 Nf3+ 32. Bxf3 Rxf3 33. Nf2 Kf7 34. Rg1 Ne5 35. Ke2 Ba6 36. Rd1 Ke6 37. Bh6 Kf5 38. Bg7 Re3+ 39. Kd2 Nxd3 40. Nh1 Nf4 41. Kc1 Rf3 42. Bh6 g5 43. Bf8 Nd3+ 44. Kd2 Nf2 45. Rg1 Nxh1 46. Rxh1 Rf2+ 47. Ke1 Rf1+ 48. Rxf1+ Bxf1 49. Kxf1 Kg4 50. Bg7 Kf3 51. Bh6 g4 52. Ke1 g3 53. Kf1 g2+ 54. Kg1 d3 55. a4 Ke2 56. Kxg2 d2 57. Bxd2 Kxd2 0-1

[Event "HUN-chT2 Erkel 0304"]
[Site "Hungary"]
[Date "2004.03.21"]
[Round "9"]
[White "Nemeth, Balazs"]
[Black "Domschitz, Lajos"]
[Result "0-1"]
[WhiteElo "1908"]
[BlackElo "2042"]
[PlyCount "48"]
[EventDate "2003.09.28"]
[EventType "team"]
[EventRounds "11"]
[EventCountry "HUN"]
[SourceTitle "EXT 2009"]
[Source "ChessBase"]
[SourceDate "2008.11.26"]
[SourceVersion "1"]
[SourceVersionDate "2008.11.26"]
[SourceQuality "1"]
[WhiteTeam "Hatvan"]
[BlackTeam "Penzugyor II"]
[WhiteTeamCountry "HUN"]
[BlackTeamCountry "HUN"]

1. e4 e6 2. d4 d5 3. exd5 Qxd5 4. c4 Bb4+ 5. Nc3 Qd7 6. Nf3 Nc6 7. Bd2 Nge7 8. a3 Bxc3 9. Bxc3 f6 10. b4 a6 11. a4 b6 12. Bd3 Ng6 13. Qd2 Nce7 14. 0-0 0-0 15. Be4 Rb8 16. b5 a5 17. Rfe1 Qd6 18. c5 Qd7 19. Bc2 Qd5 20. Rab1 Qh5 21. Bb3 Nd5 22. c6 Ndf4 23. Re4 Qg4 24. g3 Nh3+ 0-1

[Event "HUN-chT2 Erkel 0304"]
[Site "Hungary"]
[Date "2004.02.22"]
[Round "8"]
[White "Nagy, Jozsef"]
[Black "Nemeth, Balazs"]
[Result "0-1"]
[WhiteElo "1902"]
[BlackElo "1908"]
[PlyCount "106"]
[EventDate "2003.09.28"]
[EventType "team"]
[EventRounds "11"]
[EventCountry "HUN"]
[SourceTitle "EXT 2009"]
[Source "ChessBase"]
[SourceDate "2008.11.26"]
[SourceVersion "1"]
[SourceVersionDate "2008.11.26"]
[SourceQuality "1"]
[WhiteTeam "Heves"]
[BlackTeam "Hatvan"]
[WhiteTeamCountry "HUN"]
[BlackTeamCountry "HUN"]

1. e4 c5 2. Nf3 d6 3. Nc3 Nc6 4. Bc4 e6 5. 0-0 a6 6. a4 Nf6 7. Re1 Qc7 8. d3 Be7 9. h3 0-0 10. Be3 b6 11. Qd2 Rd8 12. Bf4 Nd7 13. Bg5 Bxg5 14. Qxg5 Nde5 15. Nxe5 Nxe5 16. Bb3 f6 17. Qf4 c4 18. dxc4 Nxc4 19. Rab1 Kh8 20. Red1 Nxb2 21. Rxb2 Qxc3 22. Rxd6 Bb7 23. Rb1 e5 24. Rxd8+ Rxd8 25. Qf5 Qd4 26. Re1 Bc6 27. g4 Bxa4 28. Bxa4 Qxa4 29. g5 Qd7 30. gxf6 Qxf5 31. fxg7+ Kxg7 32. exf5 Kf6 33. Rb1 b5 34. Ra1 Ra8 35. Ra3 Kxf5 36. Rf3+ Ke4 37. Rf7 h5 38. Rh7 a5 39. Rxh5 a4 40. Rh4+ Kf3 41. Rb4 a3 42. Rb1 a2 43. Ra1 Ke2 44. Kg2 Kd2 45. h4 Kxc2 46. Kg3 Kb2 47. Rh1 a1Q 48. Rxa1 Kxa1 49. h5 Rg8+ 50. Kh4 b4 51. h6 Rh8 52. Kg5 b3 53. Kg6 b2 0-1

[Event "Gyongyos Matra Cup"]
[Site "Gyongyos"]
[Date "2003.07.31"]
[Round "9"]
[White "Nemeth, Balazs"]
[Black "Jankovics, Istvan"]
[Result "0-1"]
[WhiteElo "1908"]
[BlackElo "2016"]
[PlyCount "106"]
[EventDate "2003.07.22"]
[EventType "swiss"]
[EventRounds "9"]
[EventCountry "HUN"]
[SourceTitle "EXT 2005"]
[Source "ChessBase"]
[SourceDate "2004.11.15"]
[SourceVersion "1"]
[SourceVersionDate "2004.11.15"]
[SourceQuality "1"]

1. e4 d6 2. d4 Nf6 3. Nc3 g6 4. Nf3 Bg7 5. Bc4 0-0 6. 0-0 Bg4 7. h3 Bxf3 8. Qxf3 c6 9. a4 Nbd7 10. b4 a6 11. Bb2 Qc7 12. a5 e5 13. Ne2 exd4 14. Nxd4 Ne5 15. Qe2 Nxc4 16. Qxc4 Rfe8 17. f3 Nd7 18. Rab1 b5 19. Qb3 Ne5 20. Ne2 c5 21. f4 Nc4 22. Bxg7 Kxg7 23. Qc3+ f6 24. Ng3 cxb4 25. Qxb4 Nxa5 26. c3 Nc4 27. Rfd1 Qb6+ 28. Rd4 Qa7 29. Kh2 Qc7 30. f5 Re5 31. Qb3 d5 32. Rbd1 gxf5 33. exd5 Qd6 34. Qb4 Qxb4 35. cxb4 Nd6 36. Nh5+ Kf7 37. Nf4 Re4 38. Ne6 a5 39. bxa5 Rxa5 40. Rc1 Ra7 41. Rc6 Ke7 42. Rd3 Rc4 43. Rb6 Rb7 44. Ra6 b4 45. Nd4 Kd7 46. Rg3 Ne8 47. Nb3 Rbc7 48. Rb6 f4 49. Rd3 Nd6 50. Nd2 Rc2 51. Rd4 Rxd2 52. Rxd6+ Kxd6 53. Rxd2 b3 0-1

[Event "Gyongyos Matra Cup"]
[Site "Gyongyos"]
[Date "2003.07.29"]
[Round "7"]
[White "Nemeth, Balazs"]
[Black "Olear, Laszlo"]
[Result "0-1"]
[WhiteElo "1908"]
[BlackElo "2123"]
[PlyCount "92"]
[EventDate "2003.07.22"]
[EventType "swiss"]
[EventRounds "9"]
[EventCountry "HUN"]
[SourceTitle "EXT 2005"]
[Source "ChessBase"]
[SourceDate "2004.11.15"]
[SourceVersion "1"]
[SourceVersionDate "2004.11.15"]
[SourceQuality "1"]

1. e4 c5 2. Nf3 Nc6 3. d4 cxd4 4. Nxd4 Nf6 5. Nc3 e5 6. Nb3 Bb4 7. Qd3 Bxc3+ 8. bxc3 0-0 9. Ba3 Re8 10. Be2 d5 11. exd5 Qxd5 12. 0-0 e4 13. Qg3 Qe5 14. Qxe5 Nxe5 15. Nd4 Bd7 16. Nb5 Rec8 17. Nd6 Rxc3 18. Bb2 Rxc2 19. Bxe5 Rxe2 20. Nxb7 Rc8 21. Rfe1 Rcc2 22. Rxe2 Rxe2 23. Rd1 Rxa2 24. h3 e3 25. fxe3 Bc6 26. Rd8+ Ne8 27. Nd6 Rd2 28. Rc8 Bd7 29. Rd8 Bc6 30. Rxe8+ Bxe8 31. Nxe8 Rd5 32. Bd4 Rd7 33. Bc5 a6 34. Nd6 Rc7 35. Bb4 Rc6 36. Nf5 Rb6 37. Ne7+ Kh8 38. Bc5 Rb5 39. Bd4 a5 40. Kf2 a4 41. Ke2 a3 42. Kd2 a2 43. Kc2 Rb1 44. Nf5 a1Q 45. Bxa1 Rxa1 46. Nd4 g6 0-1